| 000 | 01686cam a22005054i 4500 | ||
|---|---|---|---|
| 003 | PE-LiUPU | ||
| 005 | 20250731180131.0 | ||
| 008 | 150625s r 000 0 d | ||
| 035 | _a(Sirsi) a36894 | ||
| 040 |
_aPE-LiUPU _bspa _cPE-LiUPU _erda |
||
| 082 | 0 | 4 |
_a530 _bV35 _221 |
| 100 | 1 |
_aVásquez, José W., _eautor. |
|
| 245 | 1 | 0 |
_aFísica general. Teoría y problemas : _bElectricidad, magnetismo y óptica. _n2 / _cJosé W. Vásquez. |
| 264 | 1 |
_aLima : _bSan Marcos, _c1993. |
|
| 300 |
_a612 páginas : _bilustraciones, gráficos diágramas tablas ; _c22 cm. |
||
| 336 |
_atext _2rdacontent |
||
| 337 |
_aunmediated _2rdamedia |
||
| 338 |
_avolume _2rdacarrier |
||
| 505 | 0 | _aElectricidad. -Magnetismo. -Óptica. -Física moderna. | |
| 526 | _aSEG44 | ||
| 526 | _aSEG26 | ||
| 526 | _aP159 | ||
| 526 | _aP155 | ||
| 526 | _aP154 | ||
| 526 | _aP153 | ||
| 526 | _aP150 | ||
| 526 | _aP100 | ||
| 526 | _aP31 | ||
| 526 | _aP30 | ||
| 526 | _aP26 | ||
| 526 | _aP25 | ||
| 526 | _aP24 | ||
| 526 | _aP22 | ||
| 526 | _aP15 | ||
| 526 | _aP10 | ||
| 541 | _g0014-013686; | ||
| 650 | 0 | 4 | _aFísica. |
| 650 | 0 | 4 |
_aElectricidad _xProblemas, ejercicios, etc. |
| 650 | 0 | 4 |
_aOptica _xProblemas, ejercicios, etc. |
| 910 |
_baj _cgl-nm _d20050916 |
||
| 942 |
_2ddc _cBOOK |
||
| 949 |
_a530 V35 2 _wDEWEY _c1 _i38275 _lCCODEBUL1 _mBUL _p10 _r0 _sY _tBOOK _u2015-06-25 _xINGENIERIA _zUNKNOWN _0COMPRA _o.STAFF. Colección General |
||
| 596 | _a1 | ||
| 999 |
_a530 V35 2 _wDEWEY _c45016 _i38275 _d45016 _e2018-8-19 _f2021-11-5 _g7 _lCCODEBUL1 _mBUL _n1 _r0 _sN _tBOOK _u2015-6-25 _xBIBLIOTECA _zUNKNOWN _0COMPRA _o.STAFF. Colección General |
||
| 980 |
_81 _gALBERTO SANCHEZ Responsable de Automatización |
||